| 000 | 00586nam a2200169 a 4500 | ||
|---|---|---|---|
| 001 | 000030832 | ||
| 005 | 20200930062534.0 | ||
| 008 | 110531s2004 dr 000 0 spa d | ||
| 040 |
_aDO-SdBNP _bspa _cBNPHU |
||
| 082 |
_axx _bxx |
||
| 100 | 1 |
_aRuano, Nazario _957377 |
|
| 245 | 1 | 3 |
_aLo que cabe en un verso / _cNazario Ruano ; presentación A Fernández Spencer. |
| 260 |
_aCiudad Trujillo, República Dominicana, : _bInstituto Dominicano de Cultura Hispánica, _c[197u]. |
||
| 300 |
_a181 p. ; _c18 cm. |
||
| 590 | _aInventariado, 2019/VM | ||
| 700 | 1 |
_aEspencer Fenández, Antonio _957378 |
|
| 999 |
_c30324 _d30324 |
||